00492nam a2200193 a 4500001001300000003000900013005001700022008004100039020001000080082001900090100002000109245002800129260003100157300000800188500003500196505003300231650001400264700002000278nice12345678IN_TiNIC20260116011336.0050524s1934 dela grp 000 0 eng  ac10000a346.5401bGOI1 aGovt Of India,  aIndian Divorce Act 1869 aDelhibGovt.Of Indiac1934 a35p aincludes index and biblioraphy2 aMethodist church west africa aLaw-India1 aGovt Of India,